Рентгеновские цифровые микротомографы; Вестник науки Сибири; № 1 (2)

Bibliografische gegevens
Parent link:Вестник науки Сибири: электронный научный журнал/ Томский политехнический университет (ТПУ).— , 2011-.— 2226-0064
№ 1 (2).— 2012.— [С. 86-92]
Andere auteurs: Сырямкин В. И. Владимир Иванович, Бородин В. А. Владимир Алексеевич, Буреев А. Ш. Артем Шамильевич, Глушков Г. С. Глеб Сергеевич, Васильев А. В. Александр Владимирович
Samenvatting:Заглавие с титульного листа
Рассказывается о строении и принципах работы рентгеновских микротомографов - приборов для исследования структуры и построения трехмерных изображений исследуемых органических и неорганических объектов на основе теневых проекций. Рентгеновская томография - метод неразрушающего послойного исследования структуры неоднородных объектов в рентгеновском излучении, основанный на зависимости линейного коэффициента поглощения в рентгеновском диапазоне от состава и плотности вещества. Рентгеновская томография является одним из методов вычислительной томографии.
Taal:Russisch
Gepubliceerd in: 2012
Reeks:Инженерные науки
Onderwerpen:
Online toegang:http://earchive.tpu.ru/handle/11683/15884
Formaat: Elektronisch Hoofdstuk
KOHA link:https://koha.lib.tpu.ru/cgi-bin/koha/opac-detail.pl?biblionumber=478671

MARC

LEADER 00000naa2a2200000 4500
001 478671
005 20231101093154.0
035 |a (RuTPU)RU\TPU\prd\145505 
035 |a RU\TPU\prd\145504 
090 |a 478671 
100 |a 20120702d2012 k y0rusy50 ca 
101 0 |a rus 
102 |a RU 
135 |a drnn ---uucaa 
181 0 |a i  
182 0 |a b 
200 1 |a Рентгеновские цифровые микротомографы  |f В. И. Сырямкин [и др.] 
203 |a Текст  |c электронный 
215 |a 1 файл (743 Кб) 
225 1 |a Инженерные науки 
230 |a Электронные текстовые данные (1 файл : 743 Кб) 
300 |a Заглавие с титульного листа 
320 |a [Библиогр.: с. 92 (3 назв.)] 
330 |a Рассказывается о строении и принципах работы рентгеновских микротомографов - приборов для исследования структуры и построения трехмерных изображений исследуемых органических и неорганических объектов на основе теневых проекций. Рентгеновская томография - метод неразрушающего послойного исследования структуры неоднородных объектов в рентгеновском излучении, основанный на зависимости линейного коэффициента поглощения в рентгеновском диапазоне от состава и плотности вещества. Рентгеновская томография является одним из методов вычислительной томографии. 
337 |a Adobe Reader 
461 1 |0 (RuTPU)RU\TPU\prd\143680  |x 2226-0064  |t Вестник науки Сибири  |o электронный научный журнал  |f Томский политехнический университет (ТПУ)  |d 2011- 
463 1 |0 (RuTPU)RU\TPU\prd\145194  |t № 1 (2)  |v [С. 86-92]  |d 2012 
610 1 |a дефектоскопия 
610 1 |a диагностика 
610 1 |a микротомографы 
610 1 |a рентгеновская томография 
610 1 |a рентгенооптические системы 
610 1 |a мехатронные системы 
610 1 |a изображения 
610 1 |a обработка 
610 1 |a электронный ресурс 
675 |a 608.2  |v 3 
701 1 |a Сырямкин  |b В. И.  |c специалист в области информатики и вычислительной техники  |c профессор Томского политехнического университета, доктор технических наук  |f 1947-  |g Владимир Иванович  |2 stltpush  |3 (RuTPU)RU\TPU\pers\29344 
701 1 |a Бородин  |b В. А.  |g Владимир Алексеевич 
701 1 |a Буреев  |b А. Ш.  |g Артем Шамильевич 
701 1 |a Глушков  |b Г. С.  |g Глеб Сергеевич 
701 1 |a Васильев  |b А. В.  |g Александр Владимирович 
801 1 |a RU  |b 63413507  |c 20090623  |g PSBO 
801 2 |a RU  |b 63413507  |c 20180115  |g PSBO 
856 4 |u http://earchive.tpu.ru/handle/11683/15884 
942 |c BK